| 000 | 01547nam a2200265Ia 4500 | ||
|---|---|---|---|
| 003 | Ost | ||
| 005 | 20260507075334.0 | ||
| 008 | 260507s9999||||xx |||||||||||||| ||und|| | ||
| 020 | _a9789957324711 | ||
| 040 | _cfsecg | ||
| 041 | _aara | ||
| 082 | _a330 | ||
| 100 |
_aشاهر، ثائر فيصل _eمؤلف |
||
| 245 | 0 |
_aالرياضيات في العلوم المالية و الادارية و الاقتصادية / _c ثائر فيصل شاهر |
|
| 250 | _aطبعة 2 | ||
| 260 |
_aعمان: _bدار الحامد للنشر والتوزيع, _c2010 |
||
| 300 |
_a488 صفحة؛ _bإيضاحات ؛ _c25 سم |
||
| 520 | _aمفاهيم رياضية أساسية لبناء النموذج الرياضي و مفهوم الدالة و الدالة الخطية ، المنظومة الخطية و التوازن في السوق ، المعادلات و الدوال التربيعية ، المعادلات و الدوال الأسية و اللو غاريتمية و تطبيقاتها الاقتصادية ، الرياضيات في العلوم المالية ، التفاضل و تطبيقاتها الاقتصادية ، التفاضل الجزئي و أخيرا المصفوفات و تطبيقاتها الاقتصادية مع وجود تمارين في نهاية كل فصل | ||
| 653 | _aالإقتصاد | ||
| 653 | _aالإقتصاد الرياضي | ||
| 653 | _aالرياضيات | ||
| 653 | _aالمالية والإدارة | ||
| 700 |
_aعكور، سامر محمد _eمؤلف ثانوي |
||
| 942 | _cكتاب | ||
| 999 |
_c44035 _d44035 |
||